000
00331nam a22001457a 4500
008
250515b |||||||| |||| 00| 0 eng d
020
_a
9781787465015
050
_a
PR6110
_b
.A37
100
_a
Jafari, Sara
245
_a
The Mismatch
260
_a
Elcograf
_b
Arrow
_c
2021
300
_a
450p.
650
_a
Love Stories
942
_c
BK
999
_c
3523
_d
3523